000 00540nam a2200193Ia 4500
001 8774
008 140325s9999 xx 000 0 und d
020 _a0-465-08857-0
040 _cPK-LaUMT
082 _a 616.8917
_bLUB-U
100 _aCrits-Christoph, Paul, J.T.
245 _aUnderstanding transference : The core conflictual relationsh
_cCrits-Christoph, Paul, J.T.<>Luborsky, Lester
260 _c1990
300 _a313 p.
546 _aEN
650 _aPsychoanalysis-case studies
700 _aLuborsky, Lester
942 _cBK
999 _c10026
_d10026